[Event "U18 Spanish Championship"]
[Site ""]
[Date "2017.08.05"]
[Round "9"]
[White "Esquivias Quintero, Luis Manuel"]
[Black "Munoz Avila, Jose Luis"]
[Result "1-0"]
[WhiteElo "2069"]
[BlackElo "2176"]
[Board "17"]
[WhiteCountry "ESP"]
[WhiteFideId "32018215"]
[WhiteEloChange "13"]
[BlackCountry "ESP"]
[BlackFideId "32090692"]
[BlackEloChange "-13"]

1. e4 e5 2. Nf3 d6 3. d4 exd4 4. Nxd4 Nf6 5. Nc3 Be7 6. g3 O-O 7. Bg2 Re8
8. O-O Bf8 9. h3 c6 10. a4 a5 11. b3 Na6 12. Bb2 Nc5 13. Re1 g6 14. Qd2 Bd7
15. f4 Qc7 16. Qf2 Bg7 17. g4 h5 18. g5 Nh7 19. Rad1 Rad8 20. Kh1 Bc8 21.
Re2 Nf8 22. Rf1 Nce6 23. Nxe6 Nxe6 24. Nd1 Bxb2 25. Nxb2 Ng7 26. Qa7 d5 27.
Rfe1 dxe4 28. Rxe4 Rxe4 29. Rxe4 Bf5 30. Re5 Ne6 31. Qf2 Qd6 32. Nc4 Qd1+
33. Kh2 Qxc2 34. Qxc2 Bxc2 35. Nxa5 Nxf4 36. Kg3 Ne6 37. Nxb7 Rd3+ 38. Kf2
Rd2+ 39. Re2 Rxe2+ 40. Kxe2 Bxb3 41. a5 Bc4+ 42. Ke3 Kf8 43. Nd6 Ba6 44.
Bxc6 Ke7 45. Ne4 h4 46. Bd5 Bf1 47. Bxe6 Kxe6 48. Kf4 Kd5 49. Nf6+ Kc5 50.
Kg4 Kb5 51. Ne8 Kc6 52. Kxh4 Bg2 53. Kg3 Bh1 54. Kf4 Kd7 55. Nf6+ Ke6 56.
Ne4 Kd5 57. Nf6+ Ke6 58. a6 Bc6 59. a7 Bb7 60. h4 Bc6 61. Ne4 Kd5 62. Nf6+
Ke6 63. Ke3 Ke5 64. Ng4+ Kf5 65. Nh6+ Ke6 66. Kd4 f6 67. Kc5 Bf3 68. gxf6
Kxf6 69. Kd6 Ba8 70. Ng4+ Kf5 71. Ne3+ Kf4 72. Nd5+ Kg4 73. Nb6 Bb7 74. Kc7
Bf3 75. Nc4 Ba8 76. Kb8 Bh1 77. Na5 Kxh4 78. Nb7 Bxb7 79. Kxb7 g5 80. a8=Q
g4 81. Qa1 Kg3 82. Qg1+ Kf3 83. Kc6 g3 84. Kd5 g2 85. Ke5 1-0